[Event "Ceske Budejovice Open-A 2019"]
[Site "Ceske Budejovice"]
[Date "2019.07.03"]
[Round "5.7"]
[White "Placer, Sebastian"]
[Black "Sergeev, Vladimir"]
[Result "0-1"]
[WhiteElo "2040"]
[BlackElo "2415"]
[Annotator "NA"]
[PlyCount "128"]
[EventDate "2019.07.02"]
[EventCountry "CZE"]
[SourceTitle "playchess.com"]
[Source "ChessBase"]
[SourceQuality "1"]
[TimeControl "5400+30"]

1. e4 {[%emt 0:00:00]} c5 {[%emt 0:02:30]} 2. Nf3 {[%emt 0:00:00]} a6 {[%emt 0:00:10]} 3. c3 {[%emt 0:00:24]} d5 {[%emt 0:00:17]} 4. exd5 {[%emt 0:00:09]} Qxd5 {[%emt 0:00:06]} 5. d4 {[%emt 0:00:09]} Nf6 {[%emt 0:00:10]} 6. Be2 {[%emt 0:00:30]} e6 {[%emt 0:00:31]} 7. O-O {[%emt 0:00:17]} cxd4 {[%emt 0:00:19]} 8. Qxd4 {[%emt 0:01:34]} Nc6 {[%emt 0:00:12]} 9. Qxd5 {[%emt 0:01:56]} Nxd5 {[%emt 0:00:07]} 10. Rd1 {[%emt 0:00:25]} g6 {[%emt 0:07:16]} 11. Nbd2 {[%emt 0:00:51]} Bg7 {[%emt 0:00:21]} 12. Nc4 {[%emt 0:01:05]} b5 {[%emt 0:02:05]} 13. Ne3 {[%emt 0:06:56]} Nb6 {[%emt 0:02:32]} 14. Nc2 {[%emt 0:01:53]} Bb7 {[%emt 0:00:42]} 15. Be3 {[%emt 0:03:31]} Na4 {[%emt 0:05:24]} 16. Rab1 {[%emt 0:03:05]} Ke7 {[%emt 0:15:00]} 17. Ncd4 {[%emt 0:03:22]} Rhc8 {[%emt 0:01:40]} 18. Nxc6+ {[%emt 0:04:22]} Bxc6 {[%emt 0:00:19]} 19. Bd4 {[%emt 0:13:14]} Bxd4 {[%emt 0:01:32]} 20. Nxd4 {[%emt 0:01:00]} Be4 {[%emt 0:00:15]} 21. Bd3 {[%emt 0:00:38]} Bd5 {[%emt 0:00:18]} 22. Nb3 {[%emt 0:04:53]} Ra7 {[%emt 0:03:57]} 23. Re1 {[%emt 0:15:21]} Rd7 {[%emt 0:02:12]} 24. Bc2 {[%emt 0:15:07]} Rd6 {[%emt 0:11:48]} 25. Nd4 {[%emt 0:03:40]} Nb6 {[%emt 0:02:03]} 26. a3 {[%emt 0:01:56]} Kf6 {[%emt 0:03:43]} 27. f4 {[%emt 0:01:15]} h6 {[%emt 0:00:32]} 28. Be4 {[%emt 0:01:38]} Bxe4 {[%emt 0:01:09]} 29. Rxe4 {[%emt 0:00:06]} Nc4 {[%emt 0:00:26]} 30. Re2 {[%emt 0:00:30]} Rc5 {[%emt 0:00:34]} 31. Rbe1 {[%emt 0:02:00]} g5 {[%emt 0:02:12]} 32. g3 {[%emt 0:01:21]} Nb6 {[%emt 0:03:56]} 33. Re5 {[%emt 0:02:30]} Rc8 {[%emt 0:07:38]} 34. Kf2 {[%emt 0:02:33]} Nc4 {[%emt 0:03:50]} 35. R5e2 {[%emt 0:00:06]} Rb8 {[%emt 0:03:12]} 36. Nf3 {[%emt 0:04:27]} Rd5 {[%emt 0:02:50]} 37. Ne5 {[%emt 0:02:02]} Rb6 {[%emt 0:06:34]} 38. Kf3 {[%emt 0:01:48]} a5 {[%emt 0:01:19]} 39. Kf2 {[%emt 0:00:51]} Kg7 {[%emt 0:03:49]} 40. Kf3 {[%emt 0:00:52]} Rdd6 {[%emt 0:03:18]} 41. Kf2 {[%emt 0:00:00]} f6 {[%emt 0:00:00]} 42. Nxc4 {[%emt 0:00:00]} bxc4 {[%emt 0:00:00]} 43. Rc1 {[%emt 0:00:00]} Kg6 {[%emt 0:00:00]} 44. Rcc2 {[%emt 0:00:00]} gxf4 {[%emt 0:00:00]} 45. gxf4 {[%emt 0:00:00]} Kf5 {[%emt 0:00:00]} 46. Kf3 {[%emt 0:00:00]} Rd3+ {[%emt 0:00:00]} 47. Re3 {[%emt 0:00:00]} Rxe3+ {[%emt 0:00:00]} 48. Kxe3 {[%emt 0:00:00]} Rd6 {[%emt 0:00:00]} 49. Rg2 {[%emt 0:00:39]} h5 {[%emt 0:00:00]} 50. Rf2 {[%emt 0:01:19]} Rd3+ {[%emt 0:00:00]} 51. Ke2 {[%emt 0:00:01]} a4 {[%emt 0:00:00]} 52. Rf1 {[%emt 0:01:15]} Ke4 {[%emt 0:00:00]} 53. Rf2 {[%emt 0:01:12]} h4 {[%emt 0:00:00]} 54. Rf1 {[%emt 0:00:45]} Re3+ {[%emt 0:00:00]} 55. Kd2 {[%emt 0:00:09]} Rf3 {[%emt 0:00:00]} 56. Re1+ {[%emt 0:00:21]} Kf5 {[%emt 0:00:00]} 57. Re2 {[%emt 0:00:11]} Rxf4 {[%emt 0:00:00]} 58. Rg2 {[%emt 0:00:12]} h3 {[%emt 0:00:00]} 59. Re2 {[%emt 0:00:04]} e5 {[%emt 0:00:00]} 60. Kd1 {[%emt 0:00:10]} Rf1+ {[%emt 0:00:00]} 61. Kd2 {[%emt 0:00:06]} Kf4 {[%emt 0:00:00]} 62. Kc2 {[%emt 0:00:36]} e4 {[%emt 0:00:00]} 63. Kd2 {[%emt 0:00:06]} f5 {[%emt 0:00:00]} 64. Kc2 {[%emt 0:00:06]} e3 {[%emt 0:00:00]} 0-1

[Event "Ceske Budejovice Open-A 2019"]
[Site "Ceske Budejovice"]
[Date "2019.07.03"]
[Round "5.8"]
[White "Karasek, Lukas"]
[Black "Steiner, Bruno"]
[Result "1-0"]
[WhiteElo "2278"]
[BlackElo "2179"]
[Annotator "NA"]
[PlyCount "65"]
[EventDate "2019.07.02"]
[EventCountry "CZE"]
[SourceTitle "playchess.com"]
[Source "ChessBase"]
[SourceQuality "1"]
[TimeControl "5400+30"]

1. e4 {[%emt 0:00:17]} e5 {[%emt 0:26:39]} 2. Nf3 {[%emt 0:00:47]} Nc6 {[%emt 0:00:48]} 3. d4 {[%emt 0:00:14]} exd4 {[%emt 0:00:05]} 4. Nxd4 {[%emt 0:00:04]} Nf6 {[%emt 0:00:08]} 5. Nxc6 {[%emt 0:00:26]} bxc6 {[%emt 0:00:25]} 6. e5 {[%emt 0:00:18]} Qe7 {[%emt 0:00:12]} 7. Qe2 {[%emt 0:00:04]} Nd5 {[%emt 0:00:06]} 8. c4 {[%emt 0:00:06]} Ba6 {[%emt 0:00:06]} 9. b3 {[%emt 0:00:13]} Nb6 {[%emt 0:01:33]} 10. Nd2 {[%emt 0:18:39]} O-O-O {[%emt 0:23:30]} 11. Bb2 {[%emt 0:00:52]} Re8 {[%emt 0:00:59]} 12. O-O-O {[%emt 0:13:43]} f6 {[%emt 0:06:19]} 13. f4 {[%emt 0:24:39]} fxe5 {[%emt 0:10:58]} 14. Qxe5 {[%emt 0:02:01]} Qf7 {[%emt 0:02:42]} 15. Qd4 {[%emt 0:00:09]} c5 {[%emt 0:00:33]} 16. Qf2 {[%emt 0:00:29]} Bb7 {[%emt 0:00:06]} 17. Bd3 {[%emt 0:00:46]} d5 {[%emt 0:02:16]} 18. Rhe1 {[%emt 0:05:54]} Rxe1 {[%emt 0:05:38]} 19. Rxe1 {[%emt 0:00:05]} d4 {[%emt 0:00:10]} 20. Ne4 {[%emt 0:01:02]} Bd6 {[%emt 0:00:31]} 21. g3 {[%emt 0:00:09]} Nd7 {[%emt 0:00:08]} 22. Ng5 {[%emt 0:02:19]} Qf6 {[%emt 0:02:00]} 23. Re6 {[%emt 0:00:48]} Ne5 {[%emt 0:03:57]} 24. Bb1 {[%emt 0:05:36]} Qf8 {[%emt 0:01:44]} 25. Qe2 {[%emt 0:05:31]} Ng6 {[%emt 0:01:10]} 26. Nxh7 {[%emt 0:00:24]} Nxf4 {[%emt 0:00:37]} 27. Qg4 {[%emt 0:00:43]} Nxe6 {[%emt 0:02:47]} 28. Qxe6+ {[%emt 0:01:48]} Kd8 {[%emt 0:03:03]} 29. Nxf8 {[%emt 0:00:33]} Rxf8 {[%emt 0:00:57]} 30. Bf5 {[%emt 0:00:27]} Bc6 {[%emt 0:00:46]} 31. b4 {[%emt 0:01:58]} Re8 {[%emt 0:01:02]} 32. Qc8+ {[%emt 0:00:06]} Ke7 {[%emt 0:00:03]} 33. Qa6 {[%emt 0:00:10]} 1-0

[Event "Ceske Budejovice Open-A 2019"]
[Site "Ceske Budejovice"]
[Date "2019.07.03"]
[Round "5.9"]
[White "Nejdl, Eduard"]
[Black "Schmid, Thomas"]
[Result "1/2-1/2"]
[WhiteElo "1995"]
[BlackElo "2201"]
[Annotator "NA"]
[PlyCount "55"]
[EventDate "2019.07.02"]
[EventCountry "CZE"]
[SourceTitle "playchess.com"]
[Source "ChessBase"]
[SourceQuality "1"]
[TimeControl "5400+30"]

1. e4 {[%emt 0:00:31]} c5 {[%emt 0:00:00]} 2. Nf3 {[%emt 0:00:08]} d6 {[%emt 0:00:00]} 3. Bb5+ {[%emt 0:00:08]} Bd7 {[%emt 0:00:00]} 4. a4 {[%emt 0:00:08]} Nc6 {[%emt 0:00:00]} 5. O-O {[%emt 0:00:31]} Nf6 {[%emt 0:00:14]} 6. Re1 {[%emt 0:00:27]} e6 {[%emt 0:00:27]} 7. c3 {[%emt 0:02:47]} a6 {[%emt 0:00:16]} 8. Bf1 {[%emt 0:02:13]} Be7 {[%emt 0:00:15]} 9. d4 {[%emt 0:00:17]} cxd4 {[%emt 0:00:05]} 10. cxd4 {[%emt 0:00:10]} d5 {[%emt 0:00:04]} 11. e5 {[%emt 0:00:19]} Ne4 {[%emt 0:00:06]} 12. Bd3 {[%emt 0:00:43]} f5 {[%emt 0:17:39]} 13. exf6 {[%emt 0:02:02]} Nxf6 {[%emt 0:00:07]} 14. Nc3 {[%emt 0:01:26]} O-O {[%emt 0:00:42]} 15. Bg5 {[%emt 0:03:42]} Rc8 {[%emt 0:10:13]} 16. Qb1 {[%emt 0:06:06]} h6 {[%emt 0:02:39]} 17. Bh4 {[%emt 0:05:04]} Nh5 {[%emt 0:18:10]} 18. Bxe7 {[%emt 0:02:12]} Nxe7 {[%emt 0:01:04]} 19. Ne5 {[%emt 0:01:58]} Nf6 {[%emt 0:08:25]} 20. Qd1 {[%emt 0:02:58]} Re8 {[%emt 0:17:47]} 21. Bb1 {[%emt 0:09:49]} Nc6 {[%emt 0:14:01]} 22. Qd3 {[%emt 0:01:48]} Re7 {[%emt 0:00:40]} 23. a5 {[%emt 0:05:29]} Be8 {[%emt 0:01:32]} 24. Nxc6 {[%emt 0:04:50]} Rxc6 {[%emt 0:00:45]} 25. Bc2 Qd6 {[%emt 0:01:34]} 26. Re3 {[%emt 0:09:58]} Bf7 {[%emt 0:01:22]} 27. Rae1 {[%emt 0:03:21]} Kf8 {[%emt 0:02:48]} 28. Ba4 {[%emt 0:05:48]} 1/2-1/2

[Event "Ceske Budejovice Open-A 2019"]
[Site "Ceske Budejovice"]
[Date "2019.07.03"]
[Round "5.10"]
[White "Marsalek, Zdenek"]
[Black "Steiner, Juraj"]
[Result "1-0"]
[WhiteElo "2259"]
[BlackElo "1896"]
[Annotator "NA"]
[PlyCount "49"]
[EventDate "2019.07.02"]
[EventCountry "CZE"]
[SourceTitle "playchess.com"]
[Source "ChessBase"]
[SourceQuality "1"]
[TimeControl "5400+30"]

1. d4 {[%emt 0:00:00]} Nf6 {[%emt 0:03:00]} 2. Nf3 {[%emt 0:00:00]} e6 {[%emt 0:00:28]} 3. g3 {[%emt 0:00:18]} c5 {[%emt 0:00:54]} 4. Bg2 {[%emt 0:00:12]} cxd4 {[%emt 0:01:47]} 5. O-O {[%emt 0:00:12]} Nc6 {[%emt 0:01:38]} 6. Nxd4 {[%emt 0:00:10]} Be7 {[%emt 0:02:00]} 7. c4 {[%emt 0:00:46]} O-O {[%emt 0:00:32]} 8. Nc3 {[%emt 0:00:27]} a6 {[%emt 0:00:09]} 9. h3 {[%emt 0:01:48]} Qc7 {[%emt 0:06:38]} 10. Be3 {[%emt 0:02:27]} Ne5 {[%emt 0:01:55]} 11. b3 {[%emt 0:02:06]} Rb8 {[%emt 0:02:29]} 12. Rc1 {[%emt 0:01:05]} d6 {[%emt 0:01:10]} 13. Qd2 {[%emt 0:02:41]} Bd7 {[%emt 0:01:44]} 14. Rfd1 {[%emt 0:01:09]} Rfd8 {[%emt 0:00:27]} 15. f4 {[%emt 0:06:50]} Nc6 {[%emt 0:01:30]} 16. Nd5 {[%emt 0:00:42]} exd5 {[%emt 0:03:45]} 17. cxd5 {[%emt 0:00:10]} Bxh3 {[%emt 0:03:38]} 18. Bxh3 {[%emt 0:11:57]} Nxd5 {[%emt 0:02:07]} 19. Nxc6 {[%emt 0:00:09]} Nxe3 {[%emt 0:00:22]} 20. Nxb8 {[%emt 0:00:09]} Qb6 {[%emt 0:05:00]} 21. Qd4 {[%emt 0:00:15]} Qxd4 {[%emt 0:01:03]} 22. Rxd4 {[%emt 0:00:52]} Bf6 {[%emt 0:00:43]} 23. Rd3 {[%emt 0:01:18]} Rxb8 {[%emt 0:00:26]} 24. Kf2 {[%emt 0:01:16]} Re8 {[%emt 0:00:09]} 25. Kf3 {[%emt 0:00:37]} 1-0

[Event "Ceske Budejovice Open-A 2019"]
[Site "Ceske Budejovice"]
[Date "2019.07.03"]
[Round "5.11"]
[White "Kanka, Matej"]
[Black "Muron, Miroslav"]
[Result "0-1"]
[WhiteElo "1858"]
[BlackElo "2215"]
[Annotator "NA"]
[PlyCount "82"]
[EventDate "2019.07.02"]
[EventCountry "CZE"]
[SourceTitle "playchess.com"]
[Source "ChessBase"]
[SourceQuality "1"]
[TimeControl "5400+30"]

1. f4 {[%emt 0:00:00]} d5 {[%emt 0:00:00]} 2. Nf3 {[%emt 0:00:00]} c5 {[%emt 0:00:05]} 3. g3 {[%emt 0:00:00]} Nc6 {[%emt 0:00:16]} 4. Bg2 {[%emt 0:00:00]} Nf6 {[%emt 0:00:37]} 5. b3 {[%emt 0:00:26]} g6 {[%emt 0:04:05]} 6. Bb2 {[%emt 0:00:28]} Bg7 {[%emt 0:02:13]} 7. e3 {[%emt 0:00:54]} O-O {[%emt 0:00:13]} 8. O-O {[%emt 0:00:10]} b5 {[%emt 0:09:05]} 9. d3 {[%emt 0:01:34]} Qb6 {[%emt 0:06:56]} 10. Re1 {[%emt 0:02:20]} Rd8 {[%emt 0:01:43]} 11. Qe2 {[%emt 0:05:29]} a5 {[%emt 0:02:02]} 12. Nbd2 {[%emt 0:04:30]} Ra7 {[%emt 0:09:56]} 13. Ne5 {[%emt 0:02:14]} Nxe5 {[%emt 0:19:39]} 14. fxe5 {[%emt 0:01:46]} Ng4 {[%emt 0:02:22]} 15. d4 {[%emt 0:01:17]} c4 {[%emt 0:00:29]} 16. h3 {[%emt 0:07:55]} Nh6 {[%emt 0:00:13]} 17. e4 {[%emt 0:00:50]} Bxe5 {[%emt 0:06:06]} 18. Qf2 {[%emt 0:02:11]} Bg7 {[%emt 0:00:29]} 19. e5 {[%emt 0:01:36]} c3 {[%emt 0:03:38]} 20. Bxc3 {[%emt 0:00:16]} Rc7 {[%emt 0:00:02]} 21. Nb1 {[%emt 0:06:58]} b4 {[%emt 0:05:37]} 22. Bb2 {[%emt 0:02:46]} Bf5 {[%emt 0:01:20]} 23. Re2 {[%emt 0:05:11]} Rdc8 {[%emt 0:04:26]} 24. Bxd5 {[%emt 0:05:43]} Rxc2 {[%emt 0:00:11]} 25. Bc4 {[%emt 0:02:15]} Rxe2 {[%emt 0:00:24]} 26. Qxe2 {[%emt 0:00:08]} Bxh3 {[%emt 0:01:53]} 27. Kh2 {[%emt 0:02:22]} Bf5 {[%emt 0:00:37]} 28. Nd2 {[%emt 0:00:47]} Ng4+ {[%emt 0:00:36]} 29. Kg2 {[%emt 0:00:15]} e6 {[%emt 0:02:36]} 30. Re1 {[%emt 0:08:48]} Bh6 {[%emt 0:00:42]} 31. Nf1 {[%emt 0:07:36]} Bg5 {[%emt 0:03:26]} 32. Qf3 {[%emt 0:03:10]} h5 {[%emt 0:00:36]} 33. Rd1 {[%emt 0:05:30]} Rd8 {[%emt 0:01:39]} 34. Ra1 {[%emt 0:04:39]} Rxd4 {[%emt 0:03:33]} 35. Bxd4 {[%emt 0:06:24]} Qxd4 {[%emt 0:00:02]} 36. Rd1 {[%emt 0:04:50]} Qxe5 {[%emt 0:01:49]} 37. Bd3 {[%emt 0:00:35]} Qb2+ {[%emt 0:00:46]} 38. Qe2 {[%emt 0:00:26]} Be4+ {[%emt 0:03:17]} 39. Kg1 {[%emt 0:00:07]} Qd4+ {[%emt 0:00:13]} 40. Ne3 {[%emt 0:01:17]} Bxe3+ {[%emt 0:00:16]} 41. Kf1 {[%emt 0:00:10]} Qf6+ {[%emt 0:00:18]} 0-1

[Event "Ceske Budejovice Open-A 2019"]
[Site "Ceske Budejovice"]
[Date "2019.07.03"]
[Round "5.12"]
[White "Zacek, Petr"]
[Black "Lys, Josef"]
[Result "0-1"]
[WhiteElo "1883"]
[BlackElo "2149"]
[Annotator "NA"]
[PlyCount "94"]
[EventDate "2019.07.02"]
[EventCountry "CZE"]
[SourceTitle "playchess.com"]
[Source "ChessBase"]
[SourceQuality "1"]
[TimeControl "5400+30"]

1. d4 {[%emt 0:00:00]} Nf6 {[%emt 0:00:00]} 2. Nf3 {[%emt 0:00:00]} g6 {[%emt 0:00:59]} 3. g3 {[%emt 0:00:00]} b6 {[%emt 0:00:19]} 4. Bg2 {[%emt 0:00:09]} Bb7 {[%emt 0:00:12]} 5. c4 {[%emt 0:00:12]} Bg7 {[%emt 0:00:14]} 6. Nc3 {[%emt 0:00:12]} Ne4 {[%emt 0:00:09]} 7. Nxe4 {[%emt 0:00:44]} Bxe4 {[%emt 0:00:12]} 8. O-O {[%emt 0:00:06]} O-O {[%emt 0:00:52]} 9. Be3 {[%emt 0:00:54]} c5 {[%emt 0:01:55]} 10. Ng5 {[%emt 0:03:15]} Bxg2 {[%emt 0:00:11]} 11. Kxg2 {[%emt 0:00:07]} d6 {[%emt 0:05:20]} 12. Qd2 {[%emt 0:04:10]} Qc7 {[%emt 0:03:15]} 13. Rac1 {[%emt 0:00:35]} Nc6 {[%emt 0:04:37]} 14. Nf3 {[%emt 0:00:58]} Rfb8 {[%emt 0:04:54]} 15. d5 {[%emt 0:08:10]} Nd8 {[%emt 0:00:11]} 16. Bh6 {[%emt 0:00:18]} Bh8 {[%emt 0:03:07]} 17. h4 {[%emt 0:02:49]} b5 {[%emt 0:00:26]} 18. cxb5 {[%emt 0:00:50]} Rxb5 {[%emt 0:00:11]} 19. b3 {[%emt 0:00:05]} Qd7 {[%emt 0:02:55]} 20. h5 {[%emt 0:01:26]} Rb4 {[%emt 0:01:31]} 21. hxg6 {[%emt 0:00:26]} hxg6 {[%emt 0:00:23]} 22. Qd3 {[%emt 0:01:27]} Qg4 {[%emt 0:04:24]} 23. Rc4 {[%emt 0:01:59]} Rxc4 {[%emt 0:00:28]} 24. bxc4 {[%emt 0:00:01]} Rb8 {[%emt 0:01:26]} 25. Rb1 {[%emt 0:04:20]} Rxb1 {[%emt 0:41:02]} 26. Qxb1 {[%emt 0:00:09]} Qd7 {[%emt 0:01:47]} 27. Qb8 {[%emt 0:02:18]} Bf6 {[%emt 0:00:41]} 28. Bf4 {[%emt 0:05:10]} Kg7 {[%emt 0:04:07]} 29. Ng5 {[%emt 0:01:46]} Bxg5 {[%emt 0:01:06]} 30. Bxg5 {[%emt 0:00:03]} f6 {[%emt 0:00:10]} 31. Bd2 {[%emt 0:01:42]} Nf7 {[%emt 0:00:14]} 32. f4 {[%emt 0:01:27]} Nh6 {[%emt 0:05:47]} 33. Qb3 {[%emt 0:01:47]} Qf5 {[%emt 0:02:08]} 34. Qd3 {[%emt 0:01:55]} Qh5 {[%emt 0:00:24]} 35. Qe4 {[%emt 0:02:30]} Kf8 {[%emt 0:01:23]} 36. Kf1 {[%emt 0:08:26]} Nf5 {[%emt 0:01:50]} 37. Qf3 {[%emt 0:04:34]} Qxf3+ {[%emt 0:00:41]} 38. exf3 {[%emt 0:00:06]} Nxg3+ {[%emt 0:00:09]} 39. Kf2 {[%emt 0:00:11]} Nf5 {[%emt 0:00:10]} 40. a4 {[%emt 0:00:22]} a6 {[%emt 0:02:42]} 41. Bc3 {[%emt 0:00:17]} Kg7 {[%emt 0:00:31]} 42. Ke2 {[%emt 0:03:24]} Kh6 {[%emt 0:00:24]} 43. Kd3 {[%emt 0:00:27]} Kh5 {[%emt 0:05:50]} 44. Ke4 {[%emt 0:00:12]} Kh4 {[%emt 0:00:23]} 45. Ba5 {[%emt 0:00:45]} Kg3 {[%emt 0:00:50]} 46. Bd8 {[%emt 0:00:11]} Kf2 {[%emt 0:00:28]} 47. Ba5 {[%emt 0:00:12]} Ke2 {[%emt 0:01:26]} 0-1

[Event "Ceske Budejovice Open-A 2019"]
[Site "Ceske Budejovice"]
[Date "2019.07.03"]
[Round "5.13"]
[White "Mulenko, Alexander"]
[Black "Malinovsky, Petr"]
[Result "1/2-1/2"]
[WhiteElo "2055"]
[BlackElo "2058"]
[Annotator "NA"]
[PlyCount "44"]
[EventDate "2019.07.02"]
[EventCountry "CZE"]
[SourceTitle "playchess.com"]
[Source "ChessBase"]
[SourceQuality "1"]
[TimeControl "5400+30"]

1. Nf3 {[%emt 0:00:00]} d5 {[%emt 0:00:00]} 2. c4 {[%emt 0:00:00]} e6 {[%emt 0:00:00]} 3. g3 {[%emt 0:00:00]} Nf6 {[%emt 0:00:01]} 4. Bg2 {[%emt 0:00:04]} Be7 {[%emt 0:00:10]} 5. d4 {[%emt 0:00:26]} O-O {[%emt 0:00:37]} 6. O-O {[%emt 0:00:25]} c6 {[%emt 0:00:17]} 7. Qc2 {[%emt 0:00:45]} b6 {[%emt 0:00:20]} 8. Nbd2 {[%emt 0:00:15]} Bb7 {[%emt 0:00:26]} 9. Rd1 {[%emt 0:00:23]} Na6 {[%emt 0:02:25]} 10. e4 {[%emt 0:02:23]} c5 {[%emt 0:01:30]} 11. exd5 {[%emt 0:05:59]} exd5 {[%emt 0:00:33]} 12. dxc5 {[%emt 0:02:03]} Nb4 {[%emt 0:09:38]} 13. Qb3 {[%emt 0:02:03]} Bxc5 {[%emt 0:01:00]} 14. a3 {[%emt 0:01:29]} Na6 {[%emt 0:02:42]} 15. cxd5 {[%emt 0:03:22]} Bxd5 {[%emt 0:02:32]} 16. Qa4 {[%emt 0:02:02]} Qc8 {[%emt 0:02:56]} 17. Nf1 {[%emt 0:12:53]} Qb7 {[%emt 0:15:42]} 18. Nh4 {[%emt 0:08:00]} Bxg2 {[%emt 0:03:07]} 19. Nxg2 {[%emt 0:00:21]} Qf3 {[%emt 0:05:38]} 20. Be3 {[%emt 0:01:15]} Bxe3 {[%emt 0:00:33]} 21. Nfxe3 {[%emt 0:01:00]} Nc5 {[%emt 0:00:48]} 22. Qf4 {[%emt 0:01:10]} Qxf4 {[%emt 0:02:26]} 1/2-1/2

[Event "Ceske Budejovice Open-A 2019"]
[Site "Ceske Budejovice"]
[Date "2019.07.03"]
[Round "5.14"]
[White "Nagy, Ladislav"]
[Black "Tajovsky, Matej"]
[Result "1/2-1/2"]
[WhiteElo "2061"]
[BlackElo "1779"]
[Annotator "NA"]
[PlyCount "97"]
[EventDate "2019.07.02"]
[EventCountry "CZE"]
[SourceTitle "playchess.com"]
[Source "ChessBase"]
[SourceQuality "1"]
[TimeControl "5400+30"]

1. e4 c5 2. Nc3 Nc6 3. g3 g6 4. Bg2 Bg7 5. d3 e6 6. f4 Nh6 7. Nge2 O-O 8. O-O d6 9. h3 f5 10. Be3 Nd4 11. Qd2 Bd7 12. Nd1 Bc6 13. c3 Nxe2+ 14. Qxe2 Qe7 15. Bf2 Rab8 16. Rc1 b5 17. Re1 fxe4 18. Bxe4 Bxe4 19. Qxe4 Rfe8 20. Ne3 b4 21. cxb4 Rxb4 22. Nd5 exd5 23. Qxe7 Rxe7 24. Rxe7 Nf5 25. Rxa7 Rxb2 26. a4 Bd4 27. Bxd4 Nxd4 28. Ra1 c4 29. dxc4 dxc4 30. Kf1 c3 31. Rc7 Ne2 32. Kf2 c2 33. Ke3 Rb1 34. Rxc2 Rxa1 35. Kxe2 Rxa4 36. Kf3 h5 37. Rc3 Kf7 38. g4 hxg4+ 39. Kxg4 Kf6 40. Rd3 Ra6 41. h4 Rb6 42. Rd5 Rc6 43. h5 gxh5+ 44. Rxh5 Kf7 45. Rh6 Kg7 46. Re6 Kf7 47. f5 Rc1 48. Rxd6 Rg1+ 49. Kf4 1/2-1/2

[Event "Ceske Budejovice Open-A 2019"]
[Site "Ceske Budejovice"]
[Date "2019.07.03"]
[Round "5.15"]
[White "Brom, Jiri"]
[Black "Baloun, Tomas"]
[Result "1/2-1/2"]
[WhiteElo "2018"]
[BlackElo "1887"]
[Annotator "NA"]
[PlyCount "70"]
[EventDate "2019.07.02"]
[EventCountry "CZE"]
[SourceTitle "playchess.com"]
[Source "ChessBase"]
[SourceQuality "1"]
[TimeControl "5400+30"]

1. d4 {[%emt 0:00:00]} Nf6 {[%emt 0:00:48]} 2. Nf3 {[%emt 0:00:00]} g6 {[%emt 0:00:06]} 3. c4 {[%emt 0:00:06]} Bg7 {[%emt 0:00:06]} 4. Nc3 {[%emt 0:00:10]} O-O {[%emt 0:00:32]} 5. e4 {[%emt 0:00:35]} d6 {[%emt 0:00:23]} 6. Be2 {[%emt 0:00:05]} e5 {[%emt 0:03:16]} 7. O-O {[%emt 0:02:17]} Nh5 {[%emt 0:04:39]} 8. h3 {[%emt 0:15:28]} Nc6 {[%emt 0:05:59]} 9. Be3 {[%emt 0:06:04]} Nf4 {[%emt 0:10:56]} 10. Re1 {[%emt 0:06:20]} Nxd4 {[%emt 0:15:54]} 11. Nxd4 {[%emt 0:01:37]} exd4 {[%emt 0:00:22]} 12. Bxd4 {[%emt 0:00:20]} Bxd4 {[%emt 0:01:27]} 13. Qxd4 {[%emt 0:00:09]} Qg5 {[%emt 0:00:16]} 14. g3 {[%emt 0:05:37]} Nxh3+ {[%emt 0:08:49]} 15. Kf1 {[%emt 0:11:24]} Nf4 {[%emt 0:04:41]} 16. Bf3 {[%emt 0:00:35]} Bh3+ {[%emt 0:04:27]} 17. Kg1 {[%emt 0:00:59]} Ne6 {[%emt 0:07:17]} 18. Qe3 {[%emt 0:03:37]} Qxe3 {[%emt 0:03:03]} 19. Rxe3 {[%emt 0:00:18]} Nd4 {[%emt 0:01:07]} 20. Rd3 {[%emt 0:01:27]} Nxf3+ {[%emt 0:05:36]} 21. Rxf3 {[%emt 0:01:58]} Be6 {[%emt 0:00:06]} 22. b3 {[%emt 0:01:44]} a6 {[%emt 0:00:05]} 23. Re3 {[%emt 0:01:04]} h5 {[%emt 0:00:47]} 24. Rae1 {[%emt 0:01:40]} Rad8 {[%emt 0:00:56]} 25. Nd5 {[%emt 0:06:08]} c6 {[%emt 0:02:06]} 26. Nc3 {[%emt 0:01:57]} Kg7 {[%emt 0:01:01]} 27. Rd1 {[%emt 0:01:45]} h4 {[%emt 0:01:14]} 28. gxh4 {[%emt 0:02:17]} Rh8 {[%emt 0:00:08]} 29. Red3 {[%emt 0:03:11]} Rxh4 {[%emt 0:00:08]} 30. Rxd6 {[%emt 0:01:19]} Rdh8 {[%emt 0:00:18]} 31. f3 Rh2 32. R1d2 R2h4 33. Rd1 Rh1+ 34. Kf2 R8h2+ 35. Ke3 Rf1 1/2-1/2